000 00524nam a2200193Ia 4500
005 20250326144927.0
008 250326s9999 xx 000 0 und d
020 _a978-81-7194-528-3
037 _aTextbook
040 _aFMSL
_beng
_cFMSL
041 _aeng
_2eng
084 _aX:8e.1 P9
_qFMSL
100 _aGhosh T.p
245 0 _aUnderstanding IFRSs
_cGhosh T.p
260 _aDubai
_bDubai, Institute of Management Technology
300 _a1357p
942 _cTB
_hX:8e.1 P9
999 _c1305655
_d1305655